Consumers, crimes and the law (Record no. 503000)

000 -LEADER
fixed length control field 00465cam a22001457a 4500
008 - FIXED-LENGTH DATA ELEMENTS--GENERAL INFORMATION
fixed length control field 180718b1987 xxu||||| |||| 00| 0 eng d
082 ## - DEWEY DECIMAL CLASSIFICATION NUMBER
Classification number T34403x54 G443/c.2
100 ## - MAIN ENTRY--PERSONAL NAME
Personal name Giri H.N.
245 ## - TITLE STATEMENT
Title Consumers, crimes and the law
Statement of responsibility, etc. By H.N. Giri
260 ## - PUBLICATION, DISTRIBUTION, ETC.
Place of publication, distribution, etc. New Delhi
Name of publisher, distributor, etc. Ashish
Date of publication, distribution, etc. 1987
300 ## - PHYSICAL DESCRIPTION
Extent 349p.
650 ## - SUBJECT ADDED ENTRY--TOPICAL TERM
Topical term or geographic name entry element Consumer protection -- Law and legislation -- India
650 ## - SUBJECT ADDED ENTRY--TOPICAL TERM
Topical term or geographic name entry element Products liability -- Drugs -- India
650 ## - SUBJECT ADDED ENTRY--TOPICAL TERM
Topical term or geographic name entry element Products liability -- Food -- India
Holdings
Withdrawn status Lost status Damaged status Not for loan Permanent Location Current Location Date acquired Full call number Barcode Date last seen Price effective from Koha item type
        Indian Institute of Public Administration Indian Institute of Public Administration 2018-08-04 T34403x54 G443/c.2 GR19402 2018-08-04 2018-08-04 GR

Powered by Koha